|
|
|
|
| LEADER |
02045nam a22005172i 4500 |
| 001 |
001536876 |
| 003 |
CZ BrMZK |
| 005 |
20170505132933.0 |
| 007 |
ta |
| 008 |
160726s1982 xr a erc||||||||||cze d |
| 040 |
|
|
|a BOA001
|b cze
|e rda
|
| 043 |
|
|
|a e-xr---
|
| 045 |
|
|
|a x-x-
|
| 072 |
|
7 |
|a 72/76
|x Výtvarné umění
|2 Konspekt
|9 21
|
| 080 |
|
|
|a 75(437.3)
|2 MRF
|
| 080 |
|
|
|a 76(437.3)
|2 MRF
|
| 080 |
|
|
|a 730(437.3)
|2 MRF
|
| 080 |
|
|
|a 738
|2 MRF
|
| 080 |
|
|
|a 741/744(437.3)
|2 MRF
|
| 080 |
|
|
|a 7.036/.038
|2 MRF
|
| 080 |
|
|
|a (437.3)
|2 MRF
|
| 080 |
|
|
|a (083.824)
|2 MRF
|
| 100 |
1 |
|
|a Kokolia, Vladimír,
|d 1956-
|7 jn19981001640
|4 art
|
| 245 |
1 |
0 |
|a Vladimír Kokolia - obrazy, grafika ;
|b Roman Wenzel - drobná plastika, keramika, kresby : Okresní muzeum Brno-venkov v Ivančicích, 8. února-27. března 1983 /
|c text Kaliopi Chaminikolasová
|
| 264 |
|
1 |
|a Ivančice :
|b Okresní muzeum Brno-venkov,
|c 1982
|
| 300 |
|
|
|a 1 složený list :
|b ilustrace
|
| 336 |
|
|
|a text
|b txt
|2 rdacontent
|
| 337 |
|
|
|a bez média
|b n
|2 rdamedia
|
| 338 |
|
|
|a svazek
|b nc
|2 rdacarrier
|
| 600 |
1 |
7 |
|a Kokolia, Vladimír,
|d 1956-
|7 jn19981001640
|2 czenas
|
| 600 |
1 |
7 |
|a Wenzel, Roman,
|d 1954-
|7 ola200201784
|2 czenas
|
| 648 |
|
7 |
|a 20. století
|7 ch460558
|2 czenas
|
| 650 |
0 |
7 |
|a české malířství
|7 ph116864
|y 20. století
|2 czenas
|
| 650 |
0 |
7 |
|a česká grafika
|7 ph128116
|y 20. století
|2 czenas
|
| 650 |
0 |
7 |
|a české sochařství
|7 ph128152
|y 20. století
|2 czenas
|
| 650 |
0 |
7 |
|a umělecká keramika
|7 ph126880
|z Česko
|y 20. století
|2 czenas
|
| 650 |
0 |
7 |
|a česká kresba
|7 ph116857
|y 20. století
|2 czenas
|
| 650 |
0 |
7 |
|a moderní umění
|7 ph115340
|z Česko
|2 czenas
|
| 655 |
|
7 |
|a katalogy výstav
|7 fd132536
|2 czenas
|
| 740 |
0 |
2 |
|a Roman Wenzel - drobná plastika, keramika, kresby
|
| 700 |
1 |
|
|a Chamonikola, Kaliopi,
|d 1954-
|7 mzk2003187676
|4 wfw
|
| 700 |
1 |
|
|a Wenzel, Roman,
|d 1954-
|7 ola200201784
|4 art
|
| 910 |
|
|
|a BOA001
|b X-0924.280
|
| 990 |
|
|
|a BK
|
| 991 |
|
|
|b 201605
|
| 996 |
6 |
|
|b 2619167074
|c X-0924.280
|l MZK
|r Sklad / do 24 hodin
|n 0
|w 001571834
|u 000010
|a 1
|e BOA001
|j MZK50
|s P
|